000 00721nam a2200241 a 4500
003 DO-SdBNP
005 20230216083537.0
007 ta
008 221101e2022 dr |||er|||| 001 edspa d
020 _a9789945640007
040 _aDO-SdBNP
_bspa
_cBNPHU
082 4 _222
_bR457L
100 1 _926980
_aReyes, José
245 1 3 _aEl legado
_cJosé Reyes
260 _aSanto Domingo :
_bvoces y Libros,
_c2022.
300 _a90 p. ;
_c23 cm.
500 _aIncluye datos biográficos del autor en las solapas de las cubiertas.
590 _aInventariado 2022 / MF
650 4 _982621
_aLiteratura
_xNovela
_zRepública Dominicana
650 4 _98943
_aRelatos
_zRepública Dominicana
910 _aMFeliz
942 _2ddc
_cLBS1
999 _c52704
_d52704